000 00968nam a2200313 i 4500
001 000040288
003 DO-SdBNP
005 20250917131009.0
007 ta
008 130821s1997 sp 000 0 spa d
020 _a8471754045
040 _aDO-SdBNP
_bspa
_cBNPHU
_erda
041 _aspa
082 4 _a0
_bR457a
_222
100 1 _aBosmans, Phil,
_eautor
_966566
_4aut.
240 1 0 _aMenslief, ik bou van jet
_lEspañol
245 1 3 _aLa alegría de vivir /
_cPhil Bosmans, traducción Juan Bautista Bertrán.
250 _aPrimera edición
264 4 _aMadrid :
_bEdiciones 29,
_c©1997.
300 _a124 páginas ;
_c19 cm.
336 _atexto
_btxt
_2rdacontent
337 _asin mediación
_bn
_2rdamedia
338 _avolumen
_b nc
_2rdacarrier
490 0 _aEspejo del Alma
500 _aTraducido del idioma neerlandés
590 _aInventariado, 2019/ YL
700 1 _aBautista Bertrán, Juan,
_etraductor
_966567
_4trad.
942 _2ddc
_cLBS1
999 _c39778
_d39778